Renewable energy - great potential for economic growth
Súčasný stav a generácie obnoviteľných zdrojov energie. Vládne rozpočty na obnoviteľné zdroje energie. Obnoviteľné zdroje energie - priority. Ciele obnoviteľnej energie v EÚ. Situácia v Európskej únii - jednotlivé druhy obnoviteľnej energie (biomasa, solárna, tepelná, vodná, veterná energia...).
Gespeichert in:
| 1. Verfasser: | |
|---|---|
| Format: | Buchkapitel |
| Sprache: | Englisch |
| Schlagworte: | |
| Tags: |
Keine Tags, Fügen Sie das erste Tag hinzu!
|
MARC
| LEADER | 00000nla$a2200000$$$4500 | ||
|---|---|---|---|
| 001 | 0082762 | ||
| 005 | 20240502083220.2 | ||
| 041 | 0 | |a eng | |
| 044 | |a CZ | ||
| 245 | 1 | 0 | |a Renewable energy - great potential for economic growth |c Richard Woltemar |
| 520 | |a Súčasný stav a generácie obnoviteľných zdrojov energie. Vládne rozpočty na obnoviteľné zdroje energie. Obnoviteľné zdroje energie - priority. Ciele obnoviteľnej energie v EÚ. Situácia v Európskej únii - jednotlivé druhy obnoviteľnej energie (biomasa, solárna, tepelná, vodná, veterná energia...). | ||
| 610 | 2 | 0 | |a energia |
| 610 | 2 | 0 | |a zdroje energie |
| 610 | 2 | 0 | |a zdroje energie obnoviteľné |
| 610 | 2 | 0 | |a financovanie |
| 610 | 2 | 0 | |a vláda |
| 610 | 2 | 0 | |a Európska únia |
| 100 | 1 | |a Woltemar, Richard | |